|
|
|
|
| LEADER |
00000nam a2200000 a 4500 |
| 001 |
UCM8030 |
| 003 |
CL-VaPUC |
| 005 |
20210902074746.0 |
| 008 |
030117e19990000cl 1 spa d |
| 044 |
|
|
|a cl
|2 marc
|
| 044 |
|
|
|a cl
|2 marc
|
| 082 |
0 |
4 |
|a 633.16
|b BER
|2 21
|
| 100 |
1 |
|
|a Beratto M., Edmundo
|e author
|9 620246
|
| 245 |
1 |
0 |
|a Segundo congreso de cebada maltera
|
| 260 |
|
|
|a Temuco
|b FAO
|c 1999
|
| 260 |
|
|
|a Temuco
|b INIA
|c 1999
|
| 300 |
|
|
|a 253 p
|
| 583 |
|
|
|a last modification
|c 20171010 05:13:32
|k Rodrigo Vera
|
| 650 |
0 |
7 |
|a CEBADA
|2 CL-VaPUC
|9 366689
|
| 650 |
0 |
0 |
|a Enfermedades de las plantas
|9 259687
|
| 650 |
0 |
0 |
|a Control de plagas
|9 327373
|
| 650 |
0 |
0 |
|a Control de calidad
|9 259714
|
| 942 |
|
|
|c BK
|
| 945 |
|
|
|a cmena
|d 20030117 00:00:00
|
| 546 |
|
|
|a En Español
|
| 536 |
|
|
|a Compañía Cervecerías Unidas
|
| 536 |
|
|
|a Malterías Unidas
|
| 536 |
|
|
|a Agroinversiones S.A
|
| 518 |
|
|
|p Congreso de Cebada Maltera, 2, Temuco, 3 al 6 de diciembre de 1996
|
| 999 |
|
|
|c 383832
|d 383830
|
| 952 |
|
|
|0 0
|1 1
|2 ddc
|4 0
|6 633_160000000000000_BER_1999
|7 0
|8 A
|9 506114
|a BIBAGR
|b BIBAGR
|d 2020-01-23
|i 3866319
|o 633.16 BER 1999
|p 3866319
|r 2020-01-23
|w 2020-01-23
|y BK
|k AGR
|